Celebrities Wearing New England Patriots Gear Quiz Stats

 Plays Quiz not verified by Sporcle

Score 0/17 Timer 10:00
0 Plays Today
% Correct
Matt Damon
87.6%
Mark Wahlberg
86.2%
Ben Affleck
84.1%
Elton John
73.1%
Steven Tyler
69.7%
Conan O'Brien
69%
Gisele Bundchen
68.3%
Jon Bon Jovi
61.4%
Donnie Wahlberg
60%
% Correct
Chris Pratt
59.3%
Stone Cold Steve Austin
55.9%
Chris Evans
46.9%
Dalai Lama
42.1%
John Krasinski
40.7%
Michael Chiklis
29%
Maria Menounos
18.6%
Eli Roth
12.4%

You're not logged in!

Compare scores with friends on all Sporcle quizzes.
OR
Log In

Sporcle TV

Today on Sporcle TV


Watch our educational content, quiz creation guides, and fun videos on Sporcle TV.

Show Comments

Extras

Top Quizzes Today


Score Distribution

Your Account Isn't Verified!

In order to create a playlist on Sporcle, you need to verify the email address you used during registration. Go to your Sporcle Settings to finish the process.

Report this User

Report this user for behavior that violates our Community Guidelines.

Details: